Christmas Movies Quiz Stats

 Plays Quiz Updated Jul 16, 2018

Score 0/53 Timer 10:00
1 Play Today
Year Movie Title % Correct
1990Home Alone
83.1%
1994The Santa Clause
82.6%
2003Elf
80.7%
1992Home Alone 2: Lost in New York
74.4%
2002The Santa Clause 2: The Mrs. Clause
72.8%
2006The Santa Clause 3: The Escape Clause
66%
1993The Nightmare Before Christmas
63.9%
1951Scrooge
63.8%
1946It's a Wonderful Life
61.3%
2009A Christmas Carol
60.2%
1989National Lampoon's Christmas Vacation
58.9%
2003Bad Santa
58.4%
1954White Christmas
55.2%
2008Four Christmases
54.7%
1996Jingle All the Way
54.3%
1947Miracle on 34th Street
53.6%
1994Miracle on 34th Street
53.6%
1938A Christmas Carol
52.7%
1971A Christmas Carol
52.7%
1966 (TV)How the Grinch Stole Christmas
51.1%
2000How the Grinch Stole Christmas
51.1%
1965 (TV)A Charlie Brown Christmas
50.6%
1983A Christmas Story
49.2%
2007Fred Claus
43%
1970Scrooge
42.4%
2004The Polar Express
41.1%
1988Die Hard
40%
Year Movie Title % Correct
2004Christmas with the Kranks
35.9%
1988Scrooged
34.7%
1998I'll Be Home For Christmas
30.6%
1998Jack Frost
30.6%
1992The Muppet Christmas Carol
29.5%
2003Love Actually
25.2%
1942Holiday Inn
20.5%
2006Deck the Halls
17.6%
2011Arthur Christmas
15.6%
1996The Preacher's Wife
14.7%
1988Ernest Saves Christmas
14.4%
2011A Very Harold & Kumar 3D Christmas
13%
2013Iron Man 3
12.1%
2006Joyeux Noel
11.9%
1947The Bishop's Wife
9%
1934Babes in Toyland
9%
1994The Ref
8.8%
2004Surviving Christmas
8.5%
1945Christmas in Connecticut
7.7%
1984Gremlins
6.4%
2013The Best Man Holiday
5.4%
2013Black Nativity
5.3%
2013Tyler Perry's A Madea Christmas
4.6%
1968The Lion in Winter
2.8%
1955We're No Angels
2.6%
1949Holiday Affair
2.3%

You're not logged in!

Compare scores with friends on all Sporcle quizzes.
OR
Log In

Sporcle TV

Today on Sporcle TV


Watch our educational content, quiz creation guides, and fun videos on Sporcle TV.

Show Comments

Extras

Top Quizzes Today


Score Distribution

Your Account Isn't Verified!

In order to create a playlist on Sporcle, you need to verify the email address you used during registration. Go to your Sporcle Settings to finish the process.

Report this User

Report this user for behavior that violates our Community Guidelines.

Details: